| 000 | 00565nam a2200169 4500 | ||
|---|---|---|---|
| 001 | 145015 | ||
| 003 | ES-MaACL | ||
| 005 | 20230906201139.0 | ||
| 007 | t| | ||
| 008 | 070214s1935 fr r ||||1| fre d | ||
| 100 | 1 |
_aSosa-Rodríguez, Carlos. _9107443 |
|
| 245 | 1 | 3 |
_aLe Droit fluvial international et les fleuves de l'Amerique Latine / _cCarlos Sosa-Rodríguez ; preface de M. Simón Planas Suárez. |
| 260 |
_aParis : _b[s. n.], _c1935 ( _fImp. Herissey) |
||
| 300 |
_a192 p. ; _c25 cm. |
||
| 700 | 1 |
_aPlanas Suárez, Simón. _992532 |
|
| 852 |
_aES-MaACL _jA-3793 |
||
| 999 |
_c145015 _d145015 |
||